Pokémon - Les attaques de Bamboiselle - Statistiques

Statistiques générales
  • Ce quiz a été pris 19 fois
  • Le résultat moyen est 10 sur 16
Statistiques - réponses
Niveaux Types Noms des attaques % Correct
Départ Normal Charge
83%
Départ Plante Vole-Vie
83%
Niveau 20 Roche Anti-Air
75%
Niveau 35 Plante Giga-Sangsue
75%
Niveau 40 Acier Luminocanon
75%
Niveau 15 Plante Méga-Sangsue
75%
Niveau 50 Acier Mur de Fer
75%
Niveau 60 Acier Tacle Lourd
75%
Niveau 55 Plante Vampigraine
75%
Niveau 30 Acier Allègement
50%
Niveau 5 Normal Armure
50%
Niveau 65 Normal Damoclès
50%
Niveau 10 Roche Garde Large
50%
Niveau 25 Plante Racines
50%
Niveau 45 Acier Strido-Son
33%
Niveau 70 Normal Coud'Krâne
17%
Aucun quiz correspondant
Distribution des résultats
% des personnes avec chaque résultat
Percentile par nombre de réponses
Votre historique - résultats
Vous n’avez pas pris ce quiz